[Event "Morava Region-chTA"]
[Site "Czech Republic"]
[Date "2024.11.03"]
[Round "2.4"]
[White "Orsag, Jaroslav"]
[Black "Gresek, Oskar"]
[Result "0-1"]
[WhiteElo "1864"]
[BlackElo "1785"]
[PlyCount "118"]
[EventDate "2024.10.13"]
[EventType "team-tourn"]
[EventRounds "11"]
[EventCountry "CZE"]
[SourceTitle "CB16_2025"]
[SourceDate "2025.04.16"]
[SourceVersion "1"]
[SourceVersionDate "2025.04.16"]
[SourceQuality "1"]
[WhiteTeam "Ludgerovice"]
[BlackTeam "Opava Slezan III"]
[WhiteTeamCountry "CZE"]
[BlackTeamCountry "CZE"]

1. c4 c5 2. g3 g6 3. Bg2 Bg7 4. Nf3 Nf6 5. 0-0 0-0 6. Nc3 Nc6 7. b3 b6 8. Bb2 Bb7 9. Rc1 d5 10. Nxd5 Nxd5 11. Bxg7 Kxg7 12. cxd5 Qxd5 13. Ne1 Qd7 14. d3 Nd4 15. Qd2 Rfd8 16. Bxb7 Qxb7 17. Rc4 Rd5 18. e3 b5 19. Rc1 Ne6 20. h4 Rc8 21. Qe2 Rcd8 22. Kh2 Qa6 23. Kh3 c4 24. bxc4 bxc4 25. d4 Rc8 26. Rc3 Ra5 27. Rc2 Rb8 28. Ng2 c3 29. Qxa6 Rxa6 30. Ra1 Ra3 31. Ne1 Rb2 32. Kg2 Nc7 33. Kf3 Nd5 34. Rxb2 cxb2 35. Rb1 Rxa2 36. Nd3 Kf6 37. Rxb2 Rxb2 38. Nxb2 Ke6 39. Nc4 Nb6 40. Ne5 f6 41. Nc6 Nc8 42. e4 Kd6 43. Na5 Kc7 44. Ke3 Kb6 45. Nb3 Kb5 46. Kd3 Kb4 47. Na1 a5 48. f4 f5 49. exf5 gxf5 50. d5 Nd6 51. Kd4 Nf7 52. Kd3 a4 53. Kc2 Kc4 54. Kb2 Kxd5 55. Nc2 Ke4 56. Kc3 Nd6 57. Ne1 a3 58. Kb3 Nb5 59. Nc2 Nd4+ 0-1

[Event "Morava-ch U14"]
[Site "Bystrice nad Pernstejnem"]
[Date "2024.10.30"]
[Round "7"]
[White "Brychta, Adam"]
[Black "Gresek, Oskar"]
[Result "0-1"]
[WhiteElo "1547"]
[BlackElo "1785"]
[PlyCount "124"]
[EventDate "2024.10.26"]
[EventType "swiss"]
[EventRounds "9"]
[EventCountry "CZE"]
[SourceTitle "CB45_2024"]
[Source "ChessBase"]
[SourceDate "2024.11.06"]
[SourceVersion "1"]
[SourceVersionDate "2024.11.06"]
[SourceQuality "1"]

1. d4 d5 2. c4 e6 3. Nc3 Nf6 4. Bg5 Be7 5. Nf3 c6 6. e3 0-0 7. Be2 h6 8. Bh4 Nbd7 9. 0-0 a6 10. c5 Re8 11. Qc2 Nh5 12. Bxe7 Rxe7 13. b4 Nhf6 14. Rfd1 Qc7 15. a3 e5 16. dxe5 Nxe5 17. Nxe5 Qxe5 18. h3 Bf5 19. Bd3 Bxd3 20. Qxd3 Rae8 21. Rab1 Ne4 22. Nxe4 Qxe4 23. Rb3 Qxd3 24. Rbxd3 Re4 25. Rd4 Kf8 26. Kf1 R8e7 27. Ke2 Ke8 28. Kf3 Kd7 29. Rxe4 Rxe4 30. Rd4 Rxd4 31. exd4 Ke6 32. g4 g5 33. Kg3 Kd7 34. f4 f6 35. f5 Kc7 36. h4 b6 37. hxg5 hxg5 38. Kf3 a5 39. Ke3 axb4 40. axb4 bxc5 41. bxc5 Kb7 42. Kd3 Ka6 43. Kc3 Ka5 44. Kb3 Kb5 45. Ka3 Kc4 46. Ka4 Kxd4 47. Ka5 Kxc5 48. Ka6 d4 49. Kb7 Kd6 50. Kc8 Ke7 51. Kc7 d3 52. Kxc6 d2 53. Kc5 d1Q 54. Kc4 Qxg4+ 55. Kd3 Qxf5+ 56. Ke3 Qf4+ 57. Kd3 g4 58. Ke2 Qf3+ 59. Kd2 g3 60. Kc2 g2 61. Kd2 g1Q 62. Kc2 Qh2+ 0-1

[Event "Morava-ch U14"]
[Site "Bystrice nad Pernstejnem"]
[Date "2024.10.27"]
[Round "2"]
[White "Gresek, Oskar"]
[Black "Novotny, Adam1"]
[Result "1/2-1/2"]
[WhiteElo "1785"]
[BlackElo "1565"]
[PlyCount "35"]
[EventDate "2024.10.26"]
[EventType "swiss"]
[EventRounds "9"]
[EventCountry "CZE"]
[SourceTitle "CB45_2024"]
[Source "ChessBase"]
[SourceDate "2024.11.06"]
[SourceVersion "1"]
[SourceVersionDate "2024.11.06"]
[SourceQuality "1"]

1. e4 e5 2. Nf3 Nc6 3. d4 exd4 4. Nxd4 Bc5 5. Be3 Qf6 6. c3 Nge7 7. Bc4 0-0 8. 0-0 d6 9. Nxc6 Nxc6 10. Bxc5 dxc5 11. Nd2 Be6 12. Bxe6 Qxe6 13. b3 Rad8 14. Qc2 Rfe8 15. Rad1 g6 16. f3 Ne5 17. Nb1 Qb6 18. Rxd8 1/2-1/2

[Event "CZE-ch U12"]
[Site "Kouty nad Desnou"]
[Date "2024.03.16"]
[Round "9"]
[White "Gresek, Oskar"]
[Black "Sotek, Matej"]
[Result "0-1"]
[WhiteElo "1629"]
[BlackElo "1716"]
[PlyCount "140"]
[EventDate "2024.03.09"]
[EventType "swiss"]
[EventRounds "9"]
[EventCountry "CZE"]
[SourceTitle "CBM 219 Extra"]
[Source "ChessBase"]
[SourceDate "2024.05.31"]
[SourceVersion "1"]
[SourceVersionDate "2024.05.31"]
[SourceQuality "1"]

1. e4 c6 2. d4 d5 3. exd5 cxd5 4. Nf3 Bg4 5. Bd3 Nc6 6. c3 e6 7. 0-0 Nf6 8. Bg5 h6 9. Bxf6 Qxf6 10. Nbd2 Bd6 11. Re1 0-0 12. h3 Bxf3 13. Nxf3 Rac8 14. Rc1 Rc7 15. Qe2 Rfc8 16. Ra1 a6 17. Kh1 Na5 18. Kg1 Nc4 19. Bxc4 Rxc4 20. Ne5 Bxe5 21. Qxe5 Qxe5 22. Rxe5 b5 23. a3 a5 24. Re3 Kf8 25. Kf1 Ke7 26. Ke2 Kd8 27. Kd2 R4c7 28. f4 Kd7 29. f5 exf5 30. Re5 Kd6 31. Rxf5 f6 32. Rf3 Re8 33. Re3 Rxe3 34. Kxe3 Re7+ 35. Kd3 a4 36. Rb1 Kc6 37. Rf1 Re4 38. Kd2 Re7 39. Kd3 Kd6 40. Kd2 Re6 41. Rb1 f5 42. Rf1 g6 43. Rb1 f4 44. b3 axb3 45. Rxb3 Kc6 46. Rb4 Re3 47. a4 bxa4 48. Rxa4 Rg3 49. Ra6+ Kd7 50. Ra7+ Ke6 51. Ra6+ Kf5 52. Rd6 Rxg2+ 53. Ke1 Ke4 54. Re6+ Kd3 55. Rd6 Rg5 56. Rf6 Kxc3 57. Rxf4 Rf5 58. Rg4 g5 59. Ke2 Rf4 60. Rg3+ Kxd4 61. Ra3 Ke5 62. Ra6 Rf6 63. Ra3 d4 64. Ra5+ Ke4 65. Ra3 Rb6 66. Ra8 Rb2+ 67. Ke1 Rh2 68. Re8+ Kf3 69. Rd8 Rxh3 70. Rxd4 Ke3 0-1

[Event "CZE-ch U12"]
[Site "Kouty nad Desnou"]
[Date "2024.03.13"]
[Round "6"]
[White "Hanzel, Martin"]
[Black "Gresek, Oskar"]
[Result "1/2-1/2"]
[WhiteElo "1474"]
[BlackElo "1629"]
[PlyCount "73"]
[EventDate "2024.03.09"]
[EventType "swiss"]
[EventRounds "9"]
[EventCountry "CZE"]
[SourceTitle "CBM 219 Extra"]
[Source "ChessBase"]
[SourceDate "2024.05.31"]
[SourceVersion "1"]
[SourceVersionDate "2024.05.31"]
[SourceQuality "1"]

1. e4 d5 2. exd5 Nf6 3. Nf3 Nxd5 4. d4 c6 5. c4 Nf6 6. Nc3 Bg4 7. Be2 e6 8. Be3 Nbd7 9. h3 Bh5 10. g4 Bg6 11. Nh4 Be7 12. Nxg6 hxg6 13. Qc2 Nb6 14. 0-0-0 Qc7 15. Kb1 0-0-0 16. Qb3 Kb8 17. Bf3 Ka8 18. d5 exd5 19. cxd5 Nfxd5 20. Nxd5 Nxd5 21. Bxd5 cxd5 22. Rxd5 Rxd5 23. Qxd5 Qc6 24. Qxc6 bxc6 25. Rd1 Rd8 26. Rxd8+ Bxd8 27. Bd4 f6 28. Kc2 Kb7 29. Kc3 a6 30. Bc5 g5 31. Kd4 g6 32. Ke4 Kc7 33. f4 gxf4 34. Kxf4 Kd7 35. h4 Ke6 36. h5 Bc7+ 37. Ke4 1/2-1/2

[Event "CZE-ch U12"]
[Site "Kouty nad Desnou"]
[Date "2024.03.12"]
[Round "5"]
[White "Gresek, Oskar"]
[Black "Malek, Daniel1"]
[Result "1-0"]
[WhiteElo "1629"]
[BlackElo "1708"]
[PlyCount "57"]
[EventDate "2024.03.09"]
[EventType "swiss"]
[EventRounds "9"]
[EventCountry "CZE"]
[SourceTitle "CBM 219 Extra"]
[Source "ChessBase"]
[SourceDate "2024.05.31"]
[SourceVersion "1"]
[SourceVersionDate "2024.05.31"]
[SourceQuality "1"]

1. e4 c6 2. d4 d5 3. e5 Bf5 4. g4 Be4 5. f3 Bg6 6. h4 h5 7. e6 Qd6 8. exf7+ Bxf7 9. Ne2 hxg4 10. fxg4 Nf6 11. g5 Ne4 12. c3 Bh5 13. Qd3 Nd7 14. Nd2 Bxe2 15. Bxe2 Qg3+ 16. Qxg3 Nxg3 17. Rh3 Nxe2 18. Kxe2 0-0-0 19. Nf3 Re8 20. Bf4 Nb6 21. Ne5 e6 22. b3 Ba3 23. Rf1 Nd7 24. b4 a5 25. Nf7 axb4 26. Nxh8 Rxh8 27. cxb4 Bxb4 28. h5 g6 29. hxg6 1-0

[Event "CZE-ch U12"]
[Site "Kouty nad Desnou"]
[Date "2024.03.10"]
[Round "2"]
[White "Honcharov, Makar"]
[Black "Gresek, Oskar"]
[Result "1-0"]
[WhiteElo "1872"]
[BlackElo "1629"]
[PlyCount "83"]
[EventDate "2024.03.09"]
[EventType "swiss"]
[EventRounds "9"]
[EventCountry "CZE"]
[SourceTitle "CBM 219 Extra"]
[Source "ChessBase"]
[SourceDate "2024.05.31"]
[SourceVersion "1"]
[SourceVersionDate "2024.05.31"]
[SourceQuality "1"]

1. e4 d5 2. exd5 Nf6 3. Nf3 Nxd5 4. c4 Nf6 5. d4 Bg4 6. Be3 e6 7. Nc3 c6 8. Qd2 Nbd7 9. Be2 Be7 10. h3 Bf5 11. Rd1 Nb6 12. g4 Bg6 13. Ne5 Nfd7 14. Nxg6 hxg6 15. d5 exd5 16. cxd5 cxd5 17. Nxd5 0-0 18. Qc2 Re8 19. Nxb6 Bb4+ 20. Kf1 axb6 21. Bb5 Re7 22. Qd3 Qc7 23. a3 Bc5 24. Bg5 f6 25. Bxd7 fxg5 26. Qd5+ Kf8 27. Bb5 Rf7 28. Rd2 Be3 29. Re2 Bf4 30. Bc4 Qd7 31. Qxf7+ Qxf7 32. Bxf7 Kxf7 33. Kg2 Re8 34. Rhe1 Rxe2 35. Rxe2 Kf6 36. Re4 Be5 37. b3 Bd6 38. a4 Be5 39. Rb4 Bc7 40. Kf3 Ke5 41. Rb5+ Kf6 42. Ke4 1-0

[Event "CZE-chT U12"]
[Site "Jihlava"]
[Date "2022.06.10"]
[Round "1.4"]
[White "Kubatova, Ema"]
[Black "Gresek, Oskar"]
[Result "0-1"]
[WhiteElo "1221"]
[BlackElo "1295"]
[PlyCount "108"]
[EventDate "2022.06.10"]
[EventType "team-swiss"]
[EventRounds "9"]
[EventCountry "CZE"]
[SourceTitle "CBM 209 Extra"]
[Source "ChessBase"]
[SourceDate "2022.09.30"]
[SourceVersion "1"]
[SourceVersionDate "2022.09.30"]
[SourceQuality "1"]
[WhiteTeam "Namest nad Oslavou U12"]
[BlackTeam "Opava Slezan U12"]
[WhiteTeamCountry "CZE"]
[BlackTeamCountry "CZE"]

1. e4 e5 2. Nf3 Nc6 3. d4 exd4 4. Nxd4 Bc5 5. Nb3 Bb6 6. Nc3 Nf6 7. Bg5 h6 8. Bh4 d6 9. Bd3 Be6 10. Qd2 Ne5 11. Na4 0-0 12. Nxb6 axb6 13. 0-0 Ng6 14. Bg3 Re8 15. Rfe1 Bd7 16. Qc3 Ne5 17. a3 Rc8 18. Rad1 Bc6 19. f3 Qe7 20. Nd4 Bd7 21. Nf5 Qd8 22. Bc4 Nxc4 23. Qxc4 Bxf5 24. exf5 Rxe1+ 25. Rxe1 Qd7 26. Qd3 Re8 27. Bf2 Re5 28. Rxe5 dxe5 29. Qxd7 Nxd7 30. g4 f6 31. Kf1 Kf7 32. Ke2 Ke7 33. Kd3 Kd6 34. b4 Kd5 35. c4+ Kd6 36. Kc3 Nb8 37. Kd3 Nd7 38. Kc2 Kc6 39. Kd3 b5 40. Kc3 bxc4 41. Kxc4 b5+ 42. Kc3 Kd5 43. Kd3 Nf8 44. Bg1 Nd7 45. Ba7 c6 46. Be3 Nf8 47. h3 Nd7 48. h4 Nf8 49. Bc5 Nd7 50. Be7 e4+ 51. fxe4+ Ke5 52. Ke3 Nb6 53. Bc5 Nc4+ 54. Kf3 Nxa3 0-1